| Tag |
First Indicator |
Second Indicator |
Subfields |
| LEADER |
00000cam a2200000 i 4500 |
| 001 |
in00004098024 |
| 006 |
m o d f |
| 007 |
cr m|||||||||| |
| 008 |
191120s2019 dcu os f000 0 eng c |
| 005 |
20240130182646.6 |
| 035 |
|
|
|a (OCoLC)on1128106171
|
| 040 |
|
|
|a GPO
|b eng
|e rda
|e pn
|c GPO
|d MvI
|
| 042 |
|
|
|a pcc
|
| 043 |
|
|
|a n-us---
|
| 049 |
|
|
|a WWW
|
| 074 |
|
|
|a 0520-G (online)
|
| 086 |
0 |
|
|a HS 8.2:D 36/2/2019
|
| 245 |
0 |
0 |
|a DACA requestors with an IDENT response.
|
| 246 |
3 |
|
|a Deferred Action for Childhood Arrivals requestors with an IDENT response
|
| 250 |
|
|
|a November 2019 Update.
|
| 264 |
|
1 |
|a [Washington, D.C.] :
|b U. S. Citizenship and Immigration Services, Office of Policy & Strategy, Research & Evaluation Division,
|c 2019.
|
| 300 |
|
|
|a 1 online resource (iii, 12 pages)
|
| 336 |
|
|
|a text
|b txt
|2 rdacontent
|
| 337 |
|
|
|a computer
|b c
|2 rdamedia
|
| 338 |
|
|
|a online resource
|b cr
|2 rdacarrier
|
| 588 |
|
|
|a Description based on online resource; title from PDF cover (USCIS website, viewed Nov. 20, 2019).
|
| 500 |
|
|
|a GPO Cataloging Record Distribution Program (CRDP).
|
| 650 |
|
0 |
|a Noncitizen children
|x Legal status, laws, etc.
|z United States
|v Statistics.
|
| 650 |
|
0 |
|a Immigrant children
|x Legal status, laws, etc.
|z United States
|v Statistics.
|
| 650 |
|
0 |
|a Emigration and immigration law
|z United States
|v Statistics.
|
| 650 |
|
0 |
|a Noncitizen criminals
|z United States
|v Statistics.
|
| 655 |
|
7 |
|a Statistics.
|2 lcgft
|0 https://id.loc.gov/authorities/genreForms/gf2014026181
|
| 710 |
2 |
|
|a U.S. Citizenship and Immigration Services.
|b Office of Policy and Strategy.
|b Research and Evaluation Division,
|0 https://id.loc.gov/authorities/names/no2011155074
|e issuing body.
|
| 856 |
4 |
0 |
|u https://purl.fdlp.gov/GPO/gpo128777
|t 0
|
| 999 |
f |
f |
|s c6dd2f06-a878-3d0c-97f1-c46d65dd07c1
|i 18f359bf-491b-3e42-88d7-1e88067bb11c
|t 0
|
| 952 |
f |
f |
|a Texas A&M University
|b College Station
|c Electronic Resources
|d Available Online
|t 0
|e HS 8.2:D 36/2/2019
|h Superintendent of Documents classification
|
| 998 |
f |
f |
|a HS 8.2:D 36/2/2019
|t 0
|l Available Online
|